[Event "2nd Mix Bassano 2021"]
[Site "Bassano del Grappa"]
[Date "2021.03.28"]
[Round "9.8"]
[White "Solomon, Kenny"]
[Black "Martin Duque, Jesus"]
[Result "1/2-1/2"]
[WhiteElo "2357"]
[BlackElo "2454"]
[Annotator "ChessBase"]
[PlyCount "127"]
[EventDate "2021.03.24"]
[EventType "swiss"]
[EventCountry "ITA"]
[SourceTitle "playchess.com"]
[Source "ChessBase"]
[SourceQuality "1"]
[TimeControl "5400+30"]

1. d4 {[%emt 0:07:41]} Nf6 {[%emt 0:00:00]} 2. c4 {[%emt 0:00:03]} b6 {[%emt 0:00:00]} 3. Nc3 {[%emt 0:00:08]} Bb7 {[%emt 0:00:00]} 4. Qc2 {[%emt 0:00:16]} d5 {[%emt 0:00:00]} 5. cxd5 {[%emt 0:00:06]} Nxd5 {[%emt 0:00:06]} 6. Nf3 {[%emt 0:00:50]} Nxc3 {[%emt 0:00:37]} 7. bxc3 {[%emt 0:00:18]} e6 {[%emt 0:00:18]} 8. e4 {[%emt 0:00:07]} Be7 {[%emt 0:00:43]} 9. Bb5+ {[%emt 0:01:35]} c6 {[%emt 0:00:05]} 10. Bd3 {[%emt 0:00:30]} c5 {[%emt 0:00:05]} 11. O-O {[%emt 0:06:28]} cxd4 {[%emt 0:00:12]} 12. cxd4 {[%emt 0:01:16]} O-O {[%emt 0:00:07]} 13. Bb2 {[%emt 0:03:43]} Nc6 {[%emt 0:00:16]} 14. a3 {[%emt 0:01:49]} Rc8 {[%emt 0:00:25]} 15. Qe2 {[%emt 0:00:18]} Bf6 {[%emt 0:00:32]} 16. e5 {[%emt 0:08:25]} Be7 {[%emt 0:00:29]} 17. Qe4 {[%emt 0:08:14]} g6 {[%emt 0:00:09]} 18. Qe3 {[%emt 0:00:25]} Na5 {[%emt 0:03:14]} 19. Nd2 {[%emt 0:00:13]} b5 {[%emt 0:10:50]} 20. Rfc1 {[%emt 0:02:36]} Nc4 {[%emt 0:11:11]} 21. Bxc4 {[%emt 0:17:19]} bxc4 {[%emt 0:02:11]} 22. Bc3 {[%emt 0:00:34]} Bd5 {[%emt 0:15:38]} 23. Bb4 {[%emt 0:04:06]} a5 {[%emt 0:00:47]} 24. Bxe7 {[%emt 0:02:19]} Qxe7 {[%emt 0:00:02]} 25. Rc3 {[%emt 0:01:39]} Rc7 {[%emt 0:05:43]} 26. Rac1 {[%emt 0:01:12]} Rfc8 {[%emt 0:01:20]} 27. Qf4 {[%emt 0:01:55]} Kg7 {[%emt 0:03:46]} 28. h4 {[%emt 0:03:05]} f5 {[%emt 0:02:10]} 29. Nf1 {[%emt 0:13:51]} h6 {[%emt 0:05:14]} 30. Ne3 {[%emt 0:00:35]} Qd8 {[%emt 0:00:37]} 31. Nf1 {[%emt 0:06:13]} Kh7 {[%emt 0:01:07]} 32. Qd2 {[%emt 0:03:28]} Be4 {[%emt 0:02:20]} 33. Nh2 {[%emt 0:01:32]} Qd5 {[%emt 0:02:50]} 34. Nf3 {[%emt 0:01:54]} Rd7 {[%emt 0:01:38]} 35. Rd1 {[%emt 0:00:46]} Rb8 {[%emt 0:00:51]} 36. Ne1 {[%emt 0:01:36]} Qb5 {[%emt 0:05:59]} 37. Qc1 {[%emt 0:00:13]} Rc8 {[%emt 0:03:20]} 38. f3 {[%emt 0:00:54]} Bd5 {[%emt 0:00:40]} 39. Nd3 {[%emt 0:00:27]} Rdc7 {[%emt 0:03:33]} 40. Nf4 {[%emt 0:00:12]} Qd7 {[%emt 0:00:38]} 41. Qd2 {[%emt 0:00:45]} Rb8 {[%emt 0:02:13]} 42. Rdc1 {[%emt 0:00:16]} Rbc8 {[%emt 0:00:52]} 43. R3c2 {[%emt 0:00:31]} a4 {[%emt 0:01:02]} 44. Rc3 {[%emt 0:00:17]} Rb7 {[%emt 0:01:23]} 45. Nd3 {[%emt 0:00:44]} Qe7 {[%emt 0:00:46]} 46. Nc5 {[%emt 0:00:02]} Rbb8 {[%emt 0:01:38]} 47. Qf2 {[%emt 0:00:27]} Qe8 {[%emt 0:01:04]} 48. Qc2 {[%emt 0:00:25]} Ra8 {[%emt 0:01:47]} 49. Rb1 {[%emt 0:01:08]} Qe7 {[%emt 0:00:31]} 50. h5 {[%emt 0:00:31]} gxh5 {[%emt 0:01:03]} 51. Rxc4 {[%emt 0:00:23]} Qg5 {[%emt 0:00:28]} 52. Rc3 {[%emt 0:00:38]} Rg8 {[%emt 0:00:31]} 53. Nd7 {[%emt 0:00:14]} Qf4 {[%emt 0:02:56]} 54. Nf6+ {[%emt 0:00:32]} Kh8 {[%emt 0:00:17]} 55. Rc7 {[%emt 0:00:47]} Qxd4+ {[%emt 0:00:39]} 56. Kf1 {[%emt 0:00:11]} Rg7 {[%emt 0:00:29]} 57. Rc8+ {[%emt 0:00:01]} Rg8 {[%emt 0:00:11]} 58. Rc7 {[%emt 0:00:01]} Rg7 {[%emt 0:00:18]} 59. Rc8+ {[%emt 0:02:12]} Rg8 {[%emt 0:00:02]} 60. Rc7 {[%emt 0:01:04]} Rg7 {[%emt 0:12:07]} 61. Nxd5 {[%emt 0:00:30]} Qxd5 {[%emt 0:00:30]} 62. Rxg7 {[%emt 0:00:30]} Kxg7 63. Qc7+ Kg6 {[%emt 0:01:00]} 64. Rb7 {[%emt 0:01:00]} 1/2-1/2

[Event "2nd Mix Bassano 2021"]
[Site "Bassano del Grappa"]
[Date "2021.03.28"]
[Round "9.9"]
[White "Janzelj, Tim"]
[Black "Yu, Jennifer"]
[Result "1-0"]
[WhiteElo "2468"]
[BlackElo "2275"]
[Annotator "ChessBase"]
[PlyCount "51"]
[EventDate "2021.03.24"]
[EventType "swiss"]
[EventCountry "ITA"]
[SourceTitle "playchess.com"]
[Source "ChessBase"]
[SourceQuality "1"]
[TimeControl "5400+30"]

1. e4 {[%emt 0:03:38]} e5 {[%emt 0:00:00]} 2. Nf3 {[%emt 0:00:10]} Nc6 {[%emt 0:00:10]} 3. Bc4 {[%emt 0:00:25]} Bc5 {[%emt 0:00:21]} 4. c3 {[%emt 0:00:06]} Nf6 {[%emt 0:00:07]} 5. d3 {[%emt 0:00:05]} d6 {[%emt 0:00:25]} 6. Bb3 {[%emt 0:00:08]} h6 {[%emt 0:00:53]} 7. h3 {[%emt 0:00:14]} O-O {[%emt 0:00:58]} 8. Nbd2 {[%emt 0:00:11]} a5 {[%emt 0:00:40]} 9. a4 {[%emt 0:01:18]} Be6 {[%emt 0:00:46]} 10. Bc2 {[%emt 0:01:06]} d5 {[%emt 0:01:45]} 11. Qe2 {[%emt 0:01:06]} Re8 {[%emt 0:02:41]} 12. Nf1 {[%emt 0:01:36]} Bb6 {[%emt 0:04:37]} 13. g4 {[%emt 0:04:21]} Nh7 {[%emt 0:07:23]} 14. Ng3 {[%emt 0:01:21]} Qf6 {[%emt 0:05:13]} 15. Bd2 {[%emt 0:07:24]} Ng5 {[%emt 0:19:57]} 16. Nxg5 {[%emt 0:01:11]} hxg5 {[%emt 0:00:04]} 17. Nf5 {[%emt 0:02:58]} Qg6 {[%emt 0:09:20]} 18. h4 {[%emt 0:05:40]} gxh4 {[%emt 0:04:20]} 19. O-O-O {[%emt 0:00:38]} f6 {[%emt 0:01:30]} 20. Rxh4 {[%emt 0:05:13]} Kf7 {[%emt 0:06:01]} 21. Rdh1 {[%emt 0:00:59]} Rg8 {[%emt 0:00:05]} 22. d4 {[%emt 0:01:57]} Ne7 {[%emt 0:07:23]} 23. Nxe7 {[%emt 0:00:39]} Kxe7 {[%emt 0:00:04]} 24. exd5 {[%emt 0:00:08]} Qe8 {[%emt 0:00:24]} 25. dxe6 {[%emt 0:01:22]} exd4 {[%emt 0:00:05]} 26. g5 {[%emt 0:00:15]} 1-0

[Event "2nd Mix Bassano 2021"]
[Site "Bassano del Grappa"]
[Date "2021.03.28"]
[Round "9.10"]
[White "Tomazini, Zan"]
[Black "Hapala, Elisabeth"]
[Result "1-0"]
[WhiteElo "2416"]
[BlackElo "2116"]
[Annotator "ChessBase"]
[PlyCount "109"]
[EventDate "2021.03.24"]
[EventType "swiss"]
[EventCountry "ITA"]
[SourceTitle "playchess.com"]
[Source "ChessBase"]
[SourceQuality "1"]
[TimeControl "5400+30"]

1. e4 {[%emt 0:03:23]} c5 {[%emt 0:00:00]} 2. Nf3 {[%emt 0:00:25]} e6 {[%emt 0:00:00]} 3. c3 {[%emt 0:00:15]} Nf6 {[%emt 0:00:00]} 4. e5 {[%emt 0:00:09]} Nd5 {[%emt 0:00:00]} 5. d4 {[%emt 0:00:04]} cxd4 {[%emt 0:00:00]} 6. cxd4 {[%emt 0:00:04]} b6 {[%emt 0:00:11]} 7. Bc4 {[%emt 0:02:22]} Ba6 {[%emt 0:00:37]} 8. b3 {[%emt 0:01:59]} Qc8 {[%emt 0:07:35]} 9. Nbd2 {[%emt 0:04:28]} Be7 {[%emt 0:15:18]} 10. O-O {[%emt 0:01:07]} O-O {[%emt 0:01:16]} 11. Re1 {[%emt 0:04:23]} d6 {[%emt 0:21:42]} 12. Ba3 {[%emt 0:02:18]} Qd8 {[%emt 0:08:35]} 13. Bxd5 {[%emt 0:11:14]} exd5 {[%emt 0:00:01]} 14. e6 {[%emt 0:00:07]} fxe6 {[%emt 0:02:36]} 15. Rxe6 {[%emt 0:00:14]} Bc8 {[%emt 0:01:19]} 16. Re3 {[%emt 0:00:22]} Bf6 {[%emt 0:08:03]} 17. Nf1 {[%emt 0:02:07]} Na6 {[%emt 0:16:39]} 18. Rc1 {[%emt 0:02:36]} Nc7 {[%emt 0:01:25]} 19. Qc2 {[%emt 0:01:03]} Nb5 {[%emt 0:01:09]} 20. Qc6 {[%emt 0:00:40]} Ba6 {[%emt 0:04:44]} 21. Qxd5+ {[%emt 0:00:56]} Kh8 {[%emt 0:00:05]} 22. Bb4 {[%emt 0:01:56]} Rc8 {[%emt 0:04:15]} 23. Rce1 {[%emt 0:02:54]} g6 {[%emt 0:03:04]} 24. a4 {[%emt 0:02:37]} Nc7 {[%emt 0:00:15]} 25. Qxd6 {[%emt 0:00:48]} Nd5 {[%emt 0:02:37]} 26. Qxf8+ {[%emt 0:00:43]} Qxf8 {[%emt 0:00:03]} 27. Bxf8 {[%emt 0:00:08]} Nxe3 {[%emt 0:00:03]} 28. fxe3 {[%emt 0:02:13]} Rxf8 {[%emt 0:00:13]} 29. Rc1 {[%emt 0:00:25]} g5 {[%emt 0:01:51]} 30. Rc7 {[%emt 0:01:59]} Bxf1 {[%emt 0:00:51]} 31. Kxf1 {[%emt 0:00:21]} g4 {[%emt 0:00:05]} 32. Rxa7 {[%emt 0:00:31]} gxf3 {[%emt 0:00:08]} 33. gxf3 {[%emt 0:00:11]} Bg5 {[%emt 0:01:11]} 34. Ke2 {[%emt 0:00:30]} Re8 {[%emt 0:00:27]} 35. e4 {[%emt 0:00:29]} Rc8 {[%emt 0:00:38]} 36. Kd3 {[%emt 0:01:01]} Rf8 {[%emt 0:00:27]} 37. Rb7 {[%emt 0:04:03]} Rxf3+ {[%emt 0:00:10]} 38. Kc4 {[%emt 0:00:03]} Rf2 {[%emt 0:00:53]} 39. Rxb6 {[%emt 0:00:32]} Rxh2 {[%emt 0:00:05]} 40. a5 {[%emt 0:01:03]} Ra2 {[%emt 0:00:51]} 41. a6 {[%emt 0:00:36]} Kg7 {[%emt 0:00:15]} 42. b4 {[%emt 0:02:36]} h5 {[%emt 0:00:43]} 43. Rb7+ {[%emt 0:07:50]} Kg6 {[%emt 0:00:17]} 44. a7 {[%emt 0:00:18]} h4 {[%emt 0:00:28]} 45. b5 {[%emt 0:00:32]} h3 {[%emt 0:00:11]} 46. Rb6+ {[%emt 0:00:19]} Kg7 {[%emt 0:00:49]} 47. Ra6 {[%emt 0:00:14]} Rxa6 {[%emt 0:00:12]} 48. bxa6 {[%emt 0:00:04]} h2 {[%emt 0:00:04]} 49. a8=Q {[%emt 0:00:15]} h1=Q {[%emt 0:00:09]} 50. Qb7+ {[%emt 0:00:19]} Kg6 {[%emt 0:00:17]} 51. a7 {[%emt 0:01:59]} Qc1+ {[%emt 0:02:03]} 52. Kd5 {[%emt 0:00:13]} Bf6 {[%emt 0:00:36]} 53. a8=Q {[%emt 0:00:41]} Qg5+ {[%emt 0:00:07]} 54. Kc6 {[%emt 0:00:58]} Bd8 {[%emt 0:00:29]} 55. Qa3 {[%emt 0:01:34]} 1-0